| 000 | 01470nam a2200433 i 4500 | ||
|---|---|---|---|
| 001 | 54482 | ||
| 003 | KOSZ 005 | ||
| 005 | 20191230101709.0 | ||
| 008 | 071030s2007 pl f f |000 0 pol | ||
| 020 | _a9788301147723 | ||
| 040 |
_cWA N _aWA N _dKOSZ 005/HR |
||
| 046 | _k2006 | ||
| 080 | _a658.5 | ||
| 080 | _a005.5 | ||
| 080 | _a(075.8) | ||
| 100 | 1 |
_aPająk, Edward _eAutor |
|
| 245 | 1 | 0 |
_aZarządzanie produkcją : _bprodukt, technologia, organizacja / _cEdward Pająk. |
| 260 |
_aWarszawa : _bWydawnictwo Naukowe PWN, _c2007. |
||
| 300 |
_a357 s. : _brys., wykr. ; _c24 cm. |
||
| 336 |
_2rdacontent _aTekst _btxt |
||
| 337 |
_2rdamedia _aBez urządzenia pośredniczącego _bn |
||
| 338 |
_2rdacarrier _aWolumin _bnc |
||
| 380 | _aKsiążki | ||
| 380 | _aPublikacje dydaktyczne | ||
| 385 |
_mPoziom nauczania _aSzkoły wyższe |
||
| 388 | _a2001- | ||
| 504 | _aBibliogr. Indeks. | ||
| 521 | _aDla studentów uczelni wyższych kierunku zarządzanie i inżynieria produkcji. | ||
| 650 | 4 | _aInżynieria produkcji | |
| 650 | 4 | _aZarządzanie | |
| 650 | 4 | _aProdukcja | |
| 655 | 4 | _aPodręczniki akademickie | |
| 658 | _aZarządzanie i marketing | ||
| 658 | _aInżynieria i technika | ||
| 710 | 2 |
_aWydawnictwo Naukowe PWN _4pbl. |
|
| 856 |
_uhttp://koha.tu.koszalin.pl/cgi-bin/koha/opac-detail.pl?biblionumber=54482 _yKatalog online BPK |
||
| 856 |
_uhttp://libra.ibuk.pl/book/453 _yIBUK |
||
| 942 |
_cKS _2UKD |
||
| 999 |
_c54482 _d54482 |
||